Distributed Systems Concepts & Design (Record no. 35703)

MARC details
000 -LEADER
fixed length control field 00355nam a22001457a 4500
003 - CONTROL NUMBER IDENTIFIER
control field OSt
005 - DATE AND TIME OF LATEST TRANSACTION
control field 20221124092326.0
008 - FIXED-LENGTH DATA ELEMENTS--GENERAL INFORMATION
fixed length control field 221124b |||||||| |||| 00| 0 eng d
020 ## - INTERNATIONAL STANDARD BOOK NUMBER
International Standard Book Number 9788131718407
040 ## - CATALOGING SOURCE
Transcribing agency HU
082 ## - DEWEY DECIMAL CLASSIFICATION NUMBER
Edition number 4th
Classification number 004.36
100 ## - MAIN ENTRY--PERSONAL NAME
Personal name Coulouris George
9 (RLIN) 37284
245 ## - TITLE STATEMENT
Title Distributed Systems Concepts & Design
942 ## - ADDED ENTRY ELEMENTS (KOHA)
Source of classification or shelving scheme Dewey Decimal Classification
Koha item type Books like text book referance book
Suppress in OPAC No
Holdings
Withdrawn status Lost status Source of classification or shelving scheme Damaged status Not for loan Home library Current library Shelving location Date acquired Total Checkouts Full call number Barcode Date last seen Copy number Price effective from Koha item type
    Dewey Decimal Classification     IoT Library IoT Library General Stacks 11/24/2022   004.36/COU/2009 IOTL0021626 11/24/2022 1 11/24/2022 Books like text book referance book
    Dewey Decimal Classification     IoT Library IoT Library General Stacks 11/24/2022   004.36/COU/2009 IOTL0021627 11/24/2022 2 11/24/2022 Books like text book referance book